000 00606nam a2200217Ia 4500
003 OSt
005 20221007070212.0
006 a|||||r|||| 00| 0
007 ta
008 221006b |||||||| |||| 00| 0 eng d
024 _a15,037
037 _cTextual
040 _aFLL
_cFLL
_beng
041 _2eng
_aeng
082 _aX:958.1.N6, K0
245 0 _aEquality of treatment of national and non-nationals in social security
260 _aGeneva
_bInternational labour office Geneva
_c1960
300 _a82p
_ccm.
942 _hX:958.1.N6, K0
_cTEXL
_2CC
999 _c1139757
_d1139757